An Investigation into Linguistic Features of Films Titles in English and Vietnamese Linguistic
This thesis is designed to investigate the structural and semantic features of English and Vietnamese film titles. Via this analysis, this study aims at presenting common syntactic and morphological features in English and Vietnamese film titles. And ….
Na minha lista:
| Autor principal: | |
|---|---|
| Formato: | online |
| Idioma: | English |
| Publicado em: |
2011
|
| Assuntos: | |
| Tags: |
Adicionar Tag
Sem tags, seja o primeiro a adicionar uma tag!
|
| Thư viện lưu trữ: | Mạng thư viện Đại học Đà Nẵng |
|---|
| LEADER | 01435na a2200313 4500 | ||
|---|---|---|---|
| 001 | 000030917 | ||
| 003 | 4936 | ||
| 005 | 20151007000000.0 | ||
| 008 | 151001s2011 000 eng | ||
| 082 | |a 420.4 |b NG-D |2 Linguistic | ||
| 100 | |a Nguyễn Thị Dảnh | ||
| 245 | |a An Investigation into Linguistic Features of Films Titles in English and Vietnamese |c Nguyễn Thị Dảnh |n Linguistic | ||
| 260 | |c 2011 | ||
| 300 | |a 59tr. : mh ; 30cm | ||
| 520 | |a This thesis is designed to investigate the structural and semantic features of English and Vietnamese film titles. Via this analysis, this study aims at presenting common syntactic and morphological features in English and Vietnamese film titles. And …. | ||
| 650 | |a An Investigation into Linguistic Features of Films Titles in English and Vietnamese, Linguistic, 2011, Nguyễn Thị Dảnh | ||
| 852 | |b Chuyên đề |c Luận văn Thạc sĩ 1 | ||
| OWN | |a LNN | ||
| AVA | |a UDN50 |b LNN |d 420.4 NG-D |e available |t Error 5001 Not defined in file expand_doc_bib_avail. |f 1 |g 0 |h N |i 0 |k 1 | ||
| 999 | |a From the UDN01 | ||
| AVA | |a UDN50 |b LNN |d 420.4 NG-D |e available |t Error 5001 Not defined in file expand_doc_bib_avail. |f 1 |g 0 |h N |i 0 |k 1 | ||
| TYP | |a Printed language | ||
| 980 | |a Mạng thư viện Đại học Đà Nẵng | ||